Online katalóg knižníc regiónu Turca

Veľká kniha rozprávok (Record no. 22018)

MARC details
000 -LEADER
fixed length control field 01789nam a2200481 a 4500
001 - CONTROL NUMBER
control field 22018
003 - CONTROL NUMBER IDENTIFIER
control field VRT
005 - DATE AND TIME OF LATEST TRANSACTION
control field 20260317154739.0
008 - FIXED-LENGTH DATA ELEMENTS--GENERAL INFORMATION
fixed length control field 240315s2008 xo a b 000 f slo
015 ## - NATIONAL BIBLIOGRAPHY NUMBER
National bibliography number SNBA2009/03-01154
020 ## - INTERNATIONAL STANDARD BOOK NUMBER
International Standard Book Number 9788089242962
Qualifying information (viaz.)
035 ## - SYSTEM CONTROL NUMBER
System control number 5953F69C-FA27-4CB1-84EA-254FB7930531
035 ## - SYSTEM CONTROL NUMBER
System control number urn:nbn:sk:snk-amjvv8
035 ## - SYSTEM CONTROL NUMBER
System control number urn:nbn:sk:snk-am0084j1
039 #9 - LEVEL OF BIBLIOGRAPHIC CONTROL AND CODING DETAIL [OBSOLETE]
Level of rules in bibliographic description 202407231122
Level of effort used to assign nonsubject heading access points AUTHORITY
Level of effort used to assign subject headings 202407231103
Level of effort used to assign classification AUTHORITY
Level of effort used to assign subject headings 202403151716
Level of effort used to assign classification VLOAD
Level of effort used to assign subject headings 202403131542
Level of effort used to assign classification AUTHORITY
040 ## - CATALOGING SOURCE
Original cataloging agency SNK
Language of cataloging slo
Transcribing agency SNK
Description conventions AACR2
041 1# - LANGUAGE CODE
Language code of text/sound track or separate title slo
Language code of original und
044 ## - COUNTRY OF PUBLISHING/PRODUCING ENTITY CODE
MARC country code xo
ISO country code SK
072 #7 - SUBJECT CATEGORY CODE
Subject category code 821-93
Subject category code subdivision Literatúra pre deti a mládež
Source konspekt
080 ## - UNIVERSAL DECIMAL CLASSIFICATION NUMBER
Universal Decimal Classification number 821-34
Edition identifier 2001
080 ## - UNIVERSAL DECIMAL CLASSIFICATION NUMBER
Universal Decimal Classification number 821-93
Edition identifier 2001
080 ## - UNIVERSAL DECIMAL CLASSIFICATION NUMBER
Universal Decimal Classification number (082.21)
Edition identifier 2001
100 1# - MAIN ENTRY--PERSONAL NAME
Personal name Sójka, Anna
Relationship aut
245 10 - TITLE STATEMENT
Title Veľká kniha rozprávok
Statement of responsibility, etc. Hans Christian Andersen ... [et al.] ; ilustrácie: Aleksander Karcz, Zbigniew Seweryn ; text: Anna Sójka, Jarosław Sokół ; text preložila: Marianna Mináriková ; verše preložil: Marián Minárik]
250 ## - EDITION STATEMENT
Edition statement [1. slov. vyd.]
260 ## - PUBLICATION, DISTRIBUTION, ETC.
Place of publication, distribution, etc. Bratislava
Name of publisher, distributor, etc. Slovart Print
Date of publication, distribution, etc. c2008
300 ## - PHYSICAL DESCRIPTION
Extent 288 s.
Other physical details fareb. ilustr.
Dimensions 30 cm
655 #7 - INDEX TERM--GENRE/FORM
Genre/form data or focus term rozprávky
Source of term SNKPH
655 #7 - INDEX TERM--GENRE/FORM
Genre/form data or focus term publikácie pre deti
Source of term SNKPH
655 #7 - INDEX TERM--GENRE/FORM
Genre/form data or focus term výbery
Source of term SNKPH
700 1# - ADDED ENTRY--PERSONAL NAME
Personal name Andersen, Hans Christian,
Dates associated with a name 1805-1875
Relationship aut
700 1# - ADDED ENTRY--PERSONAL NAME
Personal name Sokół, Jarosław
Relationship aut
700 1# - ADDED ENTRY--PERSONAL NAME
Personal name Karcz, Aleksander
Relationship ill
700 1# - ADDED ENTRY--PERSONAL NAME
Personal name Seweryn, Zbigniew
Relationship ill
700 1# - ADDED ENTRY--PERSONAL NAME
Personal name Mináriková, Marianna,
Dates associated with a name 1930-2012
Relationship trl
700 1# - ADDED ENTRY--PERSONAL NAME
Personal name Minárik, Marián
Relationship trl
942 ## - ADDED ENTRY ELEMENTS (KOHA)
Source of classification or shelving scheme Dewey Decimal Classification
Koha item type Krásna literatúra pre deti
Suppress in OPAC No
949 ## - LOCAL PROCESSING INFORMATION (OCLC)
6 273K0503518
a svkpoC 49382
b svkpo512680
949 ## - LOCAL PROCESSING INFORMATION (OCLC)
6 17A0612085
a snkSB 77300
b snk2009/2550
o 43/09
s 6100:20140925
949 ## - LOCAL PROCESSING INFORMATION (OCLC)
6 17A0612086
a snkSB 77300 D1
b snk2009/2551
o 43/09
980 ## - EQUIVALENCE OR CROSS-REFERENCE-SERIES STATEMENT--PERSONAL NAME/TITLE [LOCAL, CANADA]
Personal name 821(100)-34
980 ## - EQUIVALENCE OR CROSS-REFERENCE-SERIES STATEMENT--PERSONAL NAME/TITLE [LOCAL, CANADA]
Personal name 821-93
Holdings
Stav vyradenia Strata Poškodenie Spôsob nadobudnutia Domovská knižnica Aktuálna knižnica Dátum nadobudnutia Total checkouts Čiarový kód exemplára Date last seen Typ exemplára
      Dar Obecná knižnica Horná Štubňa Obecná knižnica Horná Štubňa 17.03.2026   9788089242962 17.03.2026 Krásna literatúra pre deti
Projekt je podporený Slovenskou asociáciou knižníc
Prevádzkuje Turčianska knižnica Martin 2026